000 00775nam a2200181Ia 4500
008 220216s9999 xx 000 0 und d
100 _aSoumahin E F
245 0 _aImpact of the reduction of the tapping frequency on the agronomic and physiological parameters of clone PB 260 of Hevea brasiliensis in the centre west of Cote Divoire in order to make up for the shortage of tapping labour
260 _bIRC 2012. International Rubber Conference, 28-31 October 2012, Kovalam, India, Rubber Research Institute of India, Kottayam and IRRDB, Malaysia: Abstracts. pp.117.
650 _aTapping frequency
700 _aAlle J Y
700 _aAtsin G J O
700 _aCoulibaly L F
700 _aKouakou H T
700 _aObouaueba S
700 _aTraore S M
942 _cJS
999 _c60774
_d60774